| 000 | 00557nam a2200217 4500 | ||
|---|---|---|---|
| 001 | 3615563 | ||
| 005 | 20180312060316.0 | ||
| 008 | 731108s1973 inua 001 0 eng | ||
| 010 | _a 73083370 | ||
| 040 |
_aDLC _cDLC _dDLC |
||
| 041 | _aeng | ||
| 080 | _a610.28 BUK | ||
| 082 | 0 | 0 | _a610.28 BUK |
| 100 | 1 | _a4 | |
| 101 | _aSHM | ||
| 245 | 1 | 0 |
_aIntroduction to biomedical electronics, _cby Ed Bukstein. |
| 350 | _a$5.50 ($6.60 Can.) | ||
| 740 | _aBiomedical electronics. | ||
| 906 |
_a7 _bcbc _corignew _d2 _eopcn _f19 _gy-gencatlg |
||
| 942 |
_2ddc _cBK |
||
| 999 |
_c44706 _d44706 |
||